| 000 | 00962cab a2200193 4500 | ||
|---|---|---|---|
| 001 | L136574 | ||
| 008 | 070208n2007 000 0 eng u | ||
| 035 | _a(Sirsi) u136574 | ||
| 041 | 0 | _aeng | |
| 110 | 2 |
_aSponge Sustainability Network _95116 |
|
| 245 | 0 | 0 |
_aEco chic or eco geek? _bthe desirability of sustainable homes executive summary _h[electronic resource] |
| 260 | _c2007 | ||
| 520 | _aIntends to build upon previous research by charity Sponge in order to explore the desirability of sustainable homes to home owners, and understand what can be done to drive demand. The executive summary includes key research findings for government, key research findings for housebuilders and recommendations for each. | ||
| 590 | _aKA | ||
| 651 | 4 |
_aUnited Kingdom _y |
|
| 690 | _aENVIRONMENTAL AND LAND CONSULTANCY-SUSTAINABILITY | ||
| 856 | 4 | 0 |
_uhttps://www.spongenet.org/index.php _zView the executive summary free of charge at www.spongenet.org... |
| 942 | _n0 | ||
| 999 |
_c78351 _d78351 |
||